| 000 | 00412cam a2200157u 4500 | ||
|---|---|---|---|
| 001 | 8101954 | ||
| 005 | 20250328153559.0 | ||
| 008 | 830630s1961 abcac 000 0 eng | ||
| 050 | 0 | 0 | _aBR115 HAI |
| 100 | _aHaines J. Harry | ||
| 245 | 0 | 4 | _aThe Twain shall meet; |
| 260 |
_aNew York _cBoard of Global Ministries _b1980 |
||
| 300 |
_avii. 184p. _billus., port. _c15 cm. |
||
| 650 | _2Theology | ||
| 942 |
_2lcc _cBK _n0 |
||
| 999 |
_c5311 _d5311 |
||